| 000 | 00622nam a2200193 i 4500 | ||
|---|---|---|---|
| 001 | 145911 | ||
| 003 | ES-MaACL | ||
| 005 | 20230906201344.0 | ||
| 007 | t| | ||
| 008 | 071017s1941 sp ||||1| spa d | ||
| 100 | 1 |
_aVega, Luis Antonio de. _9113571 |
|
| 245 | 1 | 0 |
_aMademoiselle Caracas / _cpor Luis Antonio de Vega. |
| 260 |
_aMadrid : _b[Vértice], _c1941 ( _fSucs. de Rivadeneyra) |
||
| 300 |
_a14 p. : _bil. ; _c28 cm. |
||
| 490 | 1 |
_aSuplemento literario de "Vértice" ; _vjunio 1941 |
|
| 830 | 1 |
_aSuplemento literario de "Vértice" ; _vjunio 1941 _9181046 |
|
| 852 |
_aES-MaACL _j1846-F-28 |
||
| 999 |
_c145911 _d145911 |
||